000 00744nam a2200193 i 4500
001 143625
003 ES-MaACL
005 20260610142458.0
007 t|
008 070214s1930 fr |||| | fre d
100 1 _aServien, Pius.
_9105870
245 1 4 _aLes rythmes comme introduction physique áa l'esthétique
_b: nouvelles méthodes d'analyse et leur application notamment áa la musique, aux rythmes du français et aux mètres doriens /
_cPius Servien ; avec une remarque de Paul Valéry.
260 _aParis :
_bBoivin,
_c1930 (
_fFirmin Didot)
300 _a208 p. ;
_c19 x 14 cm.
650 4 _aLengua francesa-
_xRitmo.
_9164997
700 1 _aValéry, Paul,
_d1871-1945
_9243197
852 _aES-MaACL
_jB-8153
999 _c143625
_d143625